LEADER 01988nam 2200589 a 450 001 9910460419303321 005 20200520144314.0 010 $a92-2-121763-9 035 $a(CKB)2670000000068514 035 $a(EBL)605755 035 $a(OCoLC)700697577 035 $a(SSID)ssj0001100992 035 $a(PQKBManifestationID)11604275 035 $a(PQKBTitleCode)TC0001100992 035 $a(PQKBWorkID)11063692 035 $a(PQKB)10396275 035 $a(MiAaPQ)EBC605755 035 $a(Au-PeEL)EBL605755 035 $a(CaPaEBR)ebr10512041 035 $a(EXLCZ)992670000000068514 100 $a20111212d2008 uy 0 101 0 $aeng 135 $aur|n|---||||| 181 $ctxt 182 $cc 183 $acr 200 00$aAsian decent work decade resource kit$b[electronic resource] $eintroduction to the resource kit 210 $aGeneva $cInternational Labour Organization$d2008 215 $a1 online resource (21 p.) 300 $aDescription based upon print version of record. 311 $a92-2-121762-0 330 $aOffers a brief introduction to ILO's knowledge base on Asia and the Pacific. The resource kit can be useful to people who have a general interest in the issues as well as specialists who need additional technical resources. 606 $aLabor$zAsia 606 $aLabor policy$zAsia 606 $aIndustrial relations$zAsia 606 $aLabor laws and legislation, International 607 $aAsia$xSocial policy 608 $aElectronic books. 615 0$aLabor 615 0$aLabor policy 615 0$aIndustrial relations 615 0$aLabor laws and legislation, International. 676 $a948 712 02$aILO Regional Office for Asia & the Pacific. 712 02$aInternational Labour Organization. 801 0$bMiAaPQ 801 1$bMiAaPQ 801 2$bMiAaPQ 906 $aBOOK 912 $a9910460419303321 996 $aAsian decent work decade resource kit$91959259 997 $aUNINA LEADER 02296nam 2200337 450 001 9910688589903321 005 20230701063456.0 035 $a(CKB)5400000000044958 035 $a(NjHacI)995400000000044958 035 $a(EXLCZ)995400000000044958 100 $a20230701d2021 uy 0 101 0 $afre 135 $aur||||||||||| 181 $ctxt$2rdacontent 182 $cc$2rdamedia 183 $acr$2rdacarrier 200 10$aE?le?ments de su?rete? nucle?aire - Les re?acteurs a? eau sous pression /$fJean Couturier 210 1$a[Place of publication not identified] :$cEDP SCIENCES,$d2021. 215 $a1 online resource (1248 pages) 311 $a2-7598-2458-6 330 $aTout ce qu'il est important de connai?tre sur la su?rete? nucle?aire des re?acteurs a? eau sous pression est capitalise? dans cet ouvrage de re?fe?rence, des fondements de su?rete? aux diffe?rents concepts de re?acteur, aux dispositions retenues en cas de situation d'urgence radiologique ou nucle?aire ... Cela te?moigne de la volonte? de recherche permanente d'ame?liorations dans le domaine de la su?rete? nucle?aire. Jean Couturier, coordinateur et re?dacteur principal, y inte?gre l'histoire de quarante anne?es d'e?volutions en matie?re d'objectifs et d'approches de su?rete?, de me?thodes d'analyse et de crite?res d'appre?ciation qui conditionnent la su?rete? nucle?aire des re?acteurs a? eau sous pression, principalement ceux du parc e?lectronucle?aire franc?ais, depuis les anne?es 1970 jusqu'au re?acteur EPR Flamanville 3. Chacun, des ge?ne?rations actuelle et futures d'inge?nieurs, de chercheurs et plus largement tout citoyen s'inte?ressant aux questions de su?rete? nucle?aire y trouvera matie?re a? conforter ses connaissances sur ce sujet important, pour s'en approprier les fondements, au be?ne?fice de la mai?trise des risques nucle?aires et radiologiques. 606 $aPressurized water reactors 615 0$aPressurized water reactors. 676 $a621.4834 700 $aCouturier$b Jean$01054423 801 0$bNjHacI 801 1$bNjHacl 906 $aBOOK 912 $a9910688589903321 996 $aE?le?ments de su?rete? nucle?aire - Les re?acteurs a? eau sous pression$93395720 997 $aUNINA